LEADER 01023nam a2200289 i 4500 001 991000781109707536 005 20020507173517.0 008 961104s1967 us ||| | eng 035 $ab10756425-39ule_inst 035 $aLE01302232$9ExL 040 $aDip.to Matematica$beng 082 0 $a515.93 084 $aAMS 30F 100 1 $aCohn, Harvey$0341857 245 10$aConformal mapping on Riemann surfaces /$cHarvey Cohn 260 $aNew York :$bMcGraw-Hill,$cc1967 300 $axiv, 325 p. :$bill. ;$c23 cm. 490 0 $aInternational series in pure and applied mathematics 500 $aBibliography: p. 316-317 650 0$aConformal mapping 650 4$aRiemann surfaces 907 $a.b10756425$b23-02-17$c28-06-02 912 $a991000781109707536 945 $aLE013 30F COH11 (1967)$g1$i2013000064536$lle013$o-$pE0.00$q-$rl$s- $t0$u1$v0$w1$x0$y.i1085079x$z28-06-02 996 $aCONFORMAL MAPPING ON RIEMANN SURFACES$9317834 997 $aUNISALENTO 998 $ale013$b01-01-96$cm$da $e-$feng$gus $h0$i1 LEADER 03087nam 2200673 450 001 9910816520403321 005 20170919012026.0 010 $a1-4985-2913-5 035 $a(CKB)3710000000585451 035 $a(EBL)4386768 035 $a(OCoLC)931861331 035 $a(SSID)ssj0001601180 035 $a(PQKBManifestationID)16311407 035 $a(PQKBTitleCode)TC0001601180 035 $a(PQKBWorkID)14845494 035 $a(PQKB)10912345 035 $a(PQKBManifestationID)16234238 035 $a(PQKBWorkID)14845732 035 $a(PQKB)20947330 035 $a(MiAaPQ)EBC4386768 035 $a(EXLCZ)993710000000585451 100 $a20160213h20162016 uy 0 101 0 $aeng 135 $aur|n|---||||| 181 $ctxt 182 $cc 183 $acr 200 00$aAfghanistan and its neighbors after the NATO withdrawal /$fedited by Amin Saikal and Kirill Nourzhanov 210 1$aLanham, Maryland :$cLexington Books,$d2016. 210 4$dİ2016 215 $a1 online resource (241 p.) 225 0 $aContemporary Central Asia: Societies, Politics, and Cultures 300 $aIncludes index. 311 $a1-4985-2914-3 311 $a1-4985-2912-7 327 $aContents; Acknowledgments; Introduction; I: Afghanistan in the Post-Taliban Era; 1 Afghanistan; 2 U.S. Policies and Practices toward Afghanistan and Central Asia since 2001; II: Traditional Regional Players; 3 A New Phase in Relations between Iran and Afghanistan; 4 Beyond Strategic Depth? Pakistan's Evolving Relationship with Afghanistan; 5 "New Regionalism" and Afghanistan; III: Afghanistan as Viewedfrom Central Asia; 6 Uzbekistan, Afghanistan, Desecuritization, and Regional Security; 7 Kazakhstan's Policy toward Afghanistan; 8 Political and Economic Pragmatism 327 $a9 Kyrgyzstan and Afghanistan's Diminishing Relationship10 Central Asian Security after 2014; IV: Afghanistan and Central Asia in a Wider International Context; 11 Russia's Afghanistan Policy after 2014; 12 China in Afghanistan; 13 The European Union in the Heartland; Conclusion; Index; About the Contributors 330 $aThis study examines regional and international security dynamics related to Afghanistan and focuses on the role of foreign troops and the potential effects of a final withdrawal. 410 0$aContemporary Central Asia: Societies, Politics, and Cultures 606 $aNational security$zAfghanistan 606 $aGeopolitics$zAsia, Central 606 $aGeopolitics$zAfghanistan 606 $aSecurity, International$zAsia 607 $aAfghanistan$xStrategic aspects 607 $aAfghanistan$xForeign relations 615 0$aNational security 615 0$aGeopolitics 615 0$aGeopolitics 615 0$aSecurity, International 676 $a355/.0330581 702 $aSaikal$b Amin$f1950- 702 $aNourzhanov$b Kirill 801 0$bMiAaPQ 801 1$bMiAaPQ 801 2$bMiAaPQ 906 $aBOOK 912 $a9910816520403321 996 $aAfghanistan and its neighbors after the NATO withdrawal$94032021 997 $aUNINA